000 00875nam a2200181Ia 4500
008 090630s9999 xx 000 0 und d
082 _b24008
100 _aगॉल्डस्बरी सी. इ. अनु. लालू दुर्वे.
245 _aटायगर स्लेअर बाय ऑर्डर.
_cगॉल्डस्बरी सी. इ. अनु. लालू दुर्वे.
260 _bनवचैतन्य.
300 _a0
600 _aगॉल्डस्बरी सी. इ. अनु. लालू दुर्वे.
630 _aटायगर स्लेअर बाय ऑर्डर.
655 _aइतर.
700 _aगॉल्डस्बरी सी. इ. अनु. लालू दुर्वे.
730 _aटायगर स्लेअर बाय ऑर्डर.
942 _cBOOK
999 _c275864
_d275864